000 00621cam a2200193 4500
001 ABS65571
008 020612n2002 000 0 eng u
035 _a(Sirsi) u118401
245 _aAlternative land use
260 _c2002
490 _aFarm Development Review
_v16(3) January 2002, LOAN
520 _aCovers battlefields and historic sites, marquee hire, building conversions and a new wholesaleing experiment by Tastes of Anglia.
590 _aABS
650 _aFARM DIVERSIFICATION
650 _aALTERNATIVE LAND USE
650 _aFARM BUILDINGS
690 _aRURAL-FARM BUSINESS MANAGEMENT
942 _n0
999 _c70479
_d70479